Military 100 (Record no. 313913)

000 -LEADER
fixed length control field 00412 a2200169 4500
001 - CONTROL NUMBER
control field 78840
003 - CONTROL NUMBER IDENTIFIER
control field NUST
005 - DATE AND TIME OF LATEST TRANSACTION
control field 20180119183444.0
008 - FIXED-LENGTH DATA ELEMENTS--GENERAL INFORMATION
fixed length control field 180119b xxu||||| |||| 00| 0 eng d
020 ## - INTERNATIONAL STANDARD BOOK NUMBER
International Standard Book Number 9780760712795
082 ## - DEWEY DECIMAL CLASSIFICATION NUMBER
Classification number 355.00922 LAN
100 ## - MAIN ENTRY--PERSONAL NAME
Personal name Michael Lee Lanning
9 (RLIN) 9114
245 ## - TITLE STATEMENT
Title Military 100
Medium English
Remainder of title Military
250 ## - EDITION STATEMENT
Edition statement 1
260 ## - PUBLICATION, DISTRIBUTION, ETC.
Place of publication, distribution, etc. New york
Name of publisher, distributor, etc. Barnes and noble
Date of publication, distribution, etc. 2000
300 ## - PHYSICAL DESCRIPTION
Extent xii 372
500 ## - GENERAL NOTE
General note General Books
505 ## - FORMATTED CONTENTS NOTE
Formatted contents note Gifted Books
942 ## - ADDED ENTRY ELEMENTS (KOHA)
Institution code [OBSOLETE] CAENUST
Koha item type Book
Call number prefix 355.00922 LAN
Source of classification or shelving scheme
Holdings
Withdrawn status Lost status Damaged status Not for loan Collection code Permanent Location Current Location Date acquired Total Checkouts Full call number Barcode Date last seen Price effective from Koha item type
          College of Aeronautical Engineering (CAE) College of Aeronautical Engineering (CAE) 04/03/2017   355.00922 LAN CAEG-7334 04/05/2017 04/05/2017 Book
© 2023 Central Library, National University of Sciences and Technology. All Rights Reserved.